根据城区地形地图写出山东各地市 Shandong cities on urban topographic map - Statistics

General Stats
  • This quiz has been taken 68 times
  • The average score is 10 of 16
Answer Stats
Picture Answer % Correct
烟台
97%
威海
94%
青岛
92%
泰安
85%
济南
85%
临沂
84%
聊城
68%
日照
63%
东营
61%
滨州
53%
潍坊
48%
淄博
47%
德州
47%
枣庄
40%
菏泽
34%
济宁
32%
No matching quizzes found
Score Distribution
Percent of People with Each Score
Percentile by Number Answered
Your Score History
You have not taken this quiz